000
00343nam a2200145Ia 4500
008
150201s2007 xx 000 0 und d
082
_a
616.07
_b
P07H
100
_a
HARSH,MOHAN
245
_a
PATHOLOGY PRACTICAL BOOK
250
_a
2ND
260
_b
JAYPEE BROTHERS
_a
DELHI
_c
2007
300
_a
1-241
650
_a
PATHOLOGY
942
_2
ddc
_c
BK
_0
70
999
_c
126
_d
126